Funny Guinness World Records Comparison Quiz Stats

 Plays Quiz Updated Sep 12, 2015

Challenge
Share
Tweet
Embed
Score 0/12 Timer 05:00
0 Plays Today
A Which record is faster? (A/B) % Correct
Marathon in an animal costume???
75.1%
100m on a skateboard by a dog???
63%
Mile sack race???
60.7%
Mile on spring loaded stilts???
60.2%
20m human backbend walk???
59.7%
Mile piggy back race???
58.8%
Typing 100 characters with your nose???
55.7%
100m hurdles wearing swim fins???
54.5%
Mile on pogo stick while juggling three balls???
49.8%
Time to hula hoop 10km (male)???
49.7%
100m with a can balanced on head (dog)???
45.2%
Mile on a space hopper???
41.6%

You're not logged in!

Compare scores with friends on all Sporcle quizzes.
Join for Free
OR
Log In

You Might Also Like...

Show Comments

Extras

Top Quizzes Today


Score Distribution

Your Account Isn't Verified!

In order to create a playlist on Sporcle, you need to verify the email address you used during registration. Go to your Sporcle Settings to finish the process.

Report this User

Report this user for behavior that violates our Community Guidelines.

Details: